| 000 | 00473nam a2200169 a 4500 | ||
|---|---|---|---|
| 001 | 000023592 | ||
| 005 | 20200930022331.0 | ||
| 008 | 101215s2000 mx r 000 | spa d | ||
| 020 | _a9681104404 | ||
| 040 |
_aDO-SdBNP _bspa _cBNPHU |
||
| 082 |
_axxx _bA122 |
||
| 100 | 1 |
_aAbbas, Johannes _948629 |
|
| 245 | 1 | 0 |
_aMisión de sangre : _bel secreto de los siglos / _cJohannes Abbas. |
| 260 |
_aMéxico : _bPlaza y Janés, _c2000. |
||
| 300 |
_a155 p. ; _c21 cm. |
||
| 049 | _aBNGR | ||
| 999 |
_c23088 _d23088 |
||